| 000 | 00394pab a2200145 454500 | ||
|---|---|---|---|
| 008 | 180718b1983 xxu||||| |||| 00| 0 eng d | ||
| 100 | _aBreman, Jan. | ||
| 245 |
_aThe bottomo of the urban order in Asia _bImpressions of Calcutta |
||
| 260 | _c1983 | ||
| 300 | _a153-83 | ||
| 362 | _aApr. | ||
| 650 | _aSociology, Urban - India - Calcutta | ||
| 773 | _aDevelopment and Change | ||
| 909 | _a18455 | ||
| 999 |
_c18455 _d18455 |
||